[Event "Abe Yanofsky mem U1800"]
[Site "Winnipeg CAN"]
[Date "2008.08.30"]
[Round "3"]
[White "Martens, Peter"]
[Black "Wasserman, Leor"]
[Result "0-1"]
[WhiteElo "1213"]
[BlackElo "1486"]
[PlyCount "78"]
[GameId "2160767910328315"]
[EventDate "2008.08.29"]
[EventType "swiss"]
[EventRounds "5"]
[EventCountry "CAN"]
[SourceTitle "EXT 2019"]
[Source "ChessBase"]
[SourceDate "2018.10.10"]
[SourceVersion "1"]
[SourceVersionDate "2018.10.10"]
[SourceQuality "1"]

1. e4 e5 2. Nf3 Nc6 3. Nc3 Nf6 4. Bc4 Bb4 5. O-O O-O 6. a3 Ba5 7. b4 Bb6 8. d3 d6 9. Rb1 Bg4 10. h3 Bh5 11. Bg5 Nd4 12. g4 Bg6 13. Nd5 h5 14. Bxf6 gxf6 15. a4 a6 16. a5 Ba7 17. Nh4 hxg4 18. Qxg4 Kh8 19. Nxg6+ fxg6 20. Kh1 Kg7 21. Rg1 g5 22. h4 Rh8 23. h5 c6 24. Ne3 Qe8 25. c3 Qxh5+ 26. Qxh5 Rxh5+ 27. Kg2 Ne2 28. Rh1 Bxe3 29. Rxh5 Nf4+ 30. Kf3 Nxh5 31. Kxe3 Nf4 32. Kf3 Rh8 33. Rd1 Rh2 34. d4 Rh3+ 35. Kg4 Rxc3 36. Bf1 Ng6 37. dxe5 Nxe5+ 38. Kf5 Kf7 39. Rxd6 Rf3# 0-1

[Event "Abe Yanofsky mem U1800"]
[Site "Winnipeg CAN"]
[Date "2008.08.30"]
[Round "3"]
[White "Swift, Ryne"]
[Black "Einarsson, Ken"]
[Result "1/2-1/2"]
[WhiteElo "1450"]
[BlackElo "1669"]
[PlyCount "84"]
[GameId "2160767910328318"]
[EventDate "2008.08.29"]
[EventType "swiss"]
[EventRounds "5"]
[EventCountry "CAN"]
[SourceTitle "EXT 2019"]
[Source "ChessBase"]
[SourceDate "2018.10.10"]
[SourceVersion "1"]
[SourceVersionDate "2018.10.10"]
[SourceQuality "1"]

1. e4 e5 2. Nf3 Nc6 3. d4 exd4 4. Nxd4 Nxd4 5. Qxd4 d6 6. Bc4 Nf6 7. Nc3 Be7 8. Be3 O-O 9. O-O Re8 10. Rad1 c5 11. Qd2 a6 12. Qe2 Qb6 13. Bb3 Bf8 14. f3 Nd7 15. Nd5 Qc6 16. Bg5 h6 17. Bh4 Nb6 18. c4 Be6 19. Qf2 Bxd5 20. exd5 Qc7 21. Rfe1 Be7 22. Bxe7 Rxe7 23. Rxe7 Qxe7 24. Re1 Qd7 25. Qe2 Kf8 26. Bc2 Re8 27. Qxe8+ Qxe8 28. Rxe8+ Kxe8 29. b3 Ke7 30. Kf2 a5 31. Ke3 a4 32. Kd3 axb3 33. axb3 Nd7 34. f4 Nf6 35. Ke3 b5 36. Be4 b4 37. Bf3 g5 38. h3 Nd7 39. Bg4 gxf4+ 40. Kxf4 Ne5 41. Be2 Kf6 42. g3 Ng6+ 1/2-1/2

[Event "Abe Yanofsky mem U1800"]
[Site "Winnipeg CAN"]
[Date "2008.08.30"]
[Round "3"]
[White "Tait, Bruce"]
[Black "Barkman, Daniel"]
[Result "0-1"]
[WhiteElo "1263"]
[BlackElo "1576"]
[PlyCount "90"]
[GameId "2160767910328319"]
[EventDate "2008.08.29"]
[EventType "swiss"]
[EventRounds "5"]
[EventCountry "CAN"]
[SourceTitle "EXT 2019"]
[Source "ChessBase"]
[SourceDate "2018.10.10"]
[SourceVersion "1"]
[SourceVersionDate "2018.10.10"]
[SourceQuality "1"]

1. Nf3 Nf6 2. b3 d5 3. Bb2 Bg4 4. e3 Nc6 5. Be2 e6 6. c4 Bd6 7. cxd5 exd5 8. a3 O-O 9. Qc2 Re8 10. d3 Ne5 11. Nbd2 c6 12. h3 Bh5 13. O-O-O Qa5 14. b4 Qa6 15. Nb3 b6 16. d4 Nc4 17. Bxc4 dxc4 18. Nbd2 Bg6 19. Qxc4 Qb7 20. g4 a5 21. bxa5 Rxa5 22. Nb3 Ra7 23. Ne5 Be4 24. f3 Bd5 25. Qd3 Bxa3 26. e4 Be6 27. Kc2 Rea8 28. Ra1 Bb4 29. Rhc1 Nd7 30. d5 cxd5 31. Qd4 Bf8 32. Rxa7 Rxa7 33. Nd2 Nxe5 34. Qxe5 dxe4 35. Qxe4 b5 36. Kd1 b4 37. Ke1 Qb5 38. f4 Bxg4 39. Qg2 Re7+ 40. Be5 Bh5 41. Rc8 f6 42. Nc4 fxe5 43. f5 Ra7 44. Qb2 Qb7 45. Nd6 Qh1+ 0-1

[Event "Abe Yanofsky mem U1800"]
[Site "Winnipeg CAN"]
[Date "2008.08.30"]
[Round "3"]
[White "Trinidad, Kris"]
[Black "Gannon, Keith"]
[Result "1-0"]
[WhiteElo "1493"]
[BlackElo "1659"]
[PlyCount "131"]
[GameId "2160767910328320"]
[EventDate "2008.08.29"]
[EventType "swiss"]
[EventRounds "5"]
[EventCountry "CAN"]
[SourceTitle "EXT 2019"]
[Source "ChessBase"]
[SourceDate "2018.10.10"]
[SourceVersion "1"]
[SourceVersionDate "2018.10.10"]
[SourceQuality "1"]

1. e4 e5 2. Nf3 d6 3. d4 exd4 4. Nxd4 Nf6 5. Nc3 Be7 6. Be2 O-O 7. O-O Bd7 8. Be3 Nc6 9. f3 Nxd4 10. Qxd4 a6 11. Rfd1 Re8 12. a4 Bc6 13. Rab1 Nd7 14. Nd5 Bxd5 15. exd5 Bf6 16. Qd2 Qe7 17. Kf2 Rac8 18. Bf1 Ne5 19. c4 c6 20. dxc6 Rxc6 21. b3 Rec8 22. Bd4 Qc7 23. Bc3 Nd7 24. Bxf6 Nxf6 25. g3 d5 26. Rb2 dxc4 27. Bxc4 h6 28. Qb4 a5 29. Qa3 Qb6+ 30. Kg2 Rd8 31. Rbd2 Rxd2+ 32. Rxd2 Rc8 33. Rd3 Re8 34. Qa2 Qb4 35. Qd2 Qxd2+ 36. Rxd2 g6 37. Rd6 Kg7 38. Rb6 Rb8 39. Ba6 Nd5 40. Rxb7 Re8 41. Bc4 Ne3+ 42. Kf2 Nxc4 43. bxc4 Rc8 44. Rb5 Rxc4 45. Rxa5 Rc2+ 46. Kg1 Ra2 47. h4 h5 48. g4 hxg4 49. fxg4 Kh6 50. Kf1 Rh2 51. h5 Ra2 52. Ke1 gxh5 53. Rxh5+ Kg6 54. a5 f6 55. Rd5 Kf7 56. Kd1 Ke6 57. Rb5 Ra4 58. Kc2 Kd6 59. Kb3 Rxg4 60. a6 Kc6 61. a7 Rg8 62. Rb8 Rg3+ 63. Ka4 Rg4+ 64. Ka5 Rg5+ 65. Ka6 Kc7 66. a8=Q 1-0

[Event "Abe Yanofsky mem U1800"]
[Site "Winnipeg CAN"]
[Date "2008.08.30"]
[Round "3"]
[White "Webb, Calvin"]
[Black "Araullo, Marlon"]
[Result "1-0"]
[WhiteElo "1621"]
[BlackElo "1505"]
[PlyCount "113"]
[GameId "2160767910328321"]
[EventDate "2008.08.29"]
[EventType "swiss"]
[EventRounds "5"]
[EventCountry "CAN"]
[SourceTitle "EXT 2019"]
[Source "ChessBase"]
[SourceDate "2018.10.10"]
[SourceVersion "1"]
[SourceVersionDate "2018.10.10"]
[SourceQuality "1"]

1. d4 e6 2. c4 d5 3. Nc3 Nf6 4. Bg5 Nbd7 5. cxd5 exd5 6. Nf3 c6 7. e3 Bb4 8. Bd3 Qa5 9. Qc2 O-O 10. O-O Re8 11. a3 Bxc3 12. bxc3 Ne4 13. Rfc1 Ndf6 14. Bf4 Bg4 15. Nd2 Nxd2 16. Qxd2 Nh5 17. Be5 f6 18. Bg3 Nxg3 19. hxg3 Qc7 20. Qc2 g6 21. c4 Be6 22. cxd5 Bxd5 23. e4 Bf7 24. d5 Rec8 25. dxc6 Qxc6 26. Qxc6 Rxc6 27. Rxc6 bxc6 28. f4 Rc8 29. Kf2 Kf8 30. Rc1 Ke7 31. Ke3 Kd6 32. Bc4 Bxc4 33. Rxc4 c5 34. Kd3 Kc6 35. Kc3 Rd8 36. Kc2 Kb5 37. Rc3 c4 38. Re3 Kc5 39. Kc3 Rb8 40. e5 Re8 41. e6 Re7 42. g4 Kd6 43. f5 Rc7 44. e7 Rxe7 45. Rxe7 Kxe7 46. Kxc4 Kd6 47. Kb5 gxf5 48. gxf5 Kc7 49. Kc5 h5 50. g3 Kd7 51. Kd5 a6 52. a4 a5 53. Kc5 Kc7 54. Kb5 Kd6 55. Kxa5 Kc6 56. Kb4 Kc7 57. Kc5 1-0

[Event "Abe Yanofsky mem U1800"]
[Site "Winnipeg CAN"]
[Date "2008.08.30"]
[Round "3"]
[White "Wood, Nathaniel"]
[Black "Wiebe, Isaac"]
[Result "1-0"]
[WhiteElo "1586"]
[BlackElo "1373"]
[PlyCount "161"]
[GameId "2160767910328322"]
[EventDate "2008.08.29"]
[EventType "swiss"]
[EventRounds "5"]
[EventCountry "CAN"]
[SourceTitle "EXT 2019"]
[Source "ChessBase"]
[SourceDate "2018.10.10"]
[SourceVersion "1"]
[SourceVersionDate "2018.10.10"]
[SourceQuality "1"]

1. e4 e6 2. d4 d5 3. Nd2 Nf6 4. e5 Nfd7 5. f4 c5 6. c3 Nc6 7. Ndf3 Qb6 8. Ne2 cxd4 9. cxd4 Bb4+ 10. Kf2 O-O 11. a3 Be7 12. g3 f5 13. Kg2 Qd8 14. Bd2 a5 15. Nc3 b6 16. Bb5 Na7 17. Bd3 Rb8 18. Qe2 Bb7 19. Ng5 Bxg5 20. fxg5 Nc6 21. Nb5 Ba6 22. Bc3 Bxb5 23. Bxb5 Na7 24. h4 Nxb5 25. Qxb5 Rc8 26. Kf3 Qe8 27. Qe2 Qh5+ 28. Kf2 Qxe2+ 29. Kxe2 a4 30. Bb4 Rf7 31. Rac1 Rc4 32. h5 g6 33. Bc3 Nb8 34. hxg6 hxg6 35. Rh6 Rg7 36. Rch1 Kf7 37. Ke3 Nc6 38. Rh8 b5 39. Rc1 Nxd4 40. Bb4 f4+ 41. gxf4 Nf5+ 42. Kd3 Rg8 43. Rh7+ Rg7 44. Rxg7+ Kxg7 45. Rxc4 bxc4+ 46. Kc3 Kf7 47. Bc5 Ke8 48. Kb4 Kd7 49. Kxa4 Kc6 50. Kb4 Ng3 51. a4 Ne4 52. Be3 Ng3 53. b3 cxb3 54. Kxb3 Nf5 55. Bf2 Kb7 56. Kb4 Ka6 57. Bc5 Kb7 58. Kb5 Kc7 59. a5 Kb7 60. a6+ Ka8 61. Kc6 d4 62. Bxd4 Nxd4+ 63. Kd6 Ka7 64. Ke7 Kxa6 65. Kf6 Kb7 66. Kxg6 Kc7 67. Kf6 Kd7 68. g6 Nf5 69. g7 Nxg7 70. Kxg7 Ke7 71. Kg6 Ke8 72. Kf6 Kd7 73. Kf7 Kd8 74. Kxe6 Ke8 75. f5 Kf8 76. Kd7 Kf7 77. e6+ Kg7 78. e7 Kh7 79. e8=Q Kg7 80. Qe6 Kh8 81. f6 1-0

[Event "Abe Yanofsky mem U1800"]
[Site "Winnipeg CAN"]
[Date "2008.08.31"]
[Round "4"]
[White "Araullo, Bernadette"]
[Black "Swift, Ryne"]
[Result "1/2-1/2"]
[WhiteElo "1587"]
[BlackElo "1450"]
[PlyCount "77"]
[GameId "2160767910328323"]
[EventDate "2008.08.29"]
[EventType "swiss"]
[EventRounds "5"]
[EventCountry "CAN"]
[SourceTitle "EXT 2019"]
[Source "ChessBase"]
[SourceDate "2018.10.10"]
[SourceVersion "1"]
[SourceVersionDate "2018.10.10"]
[SourceQuality "1"]

1. e4 e5 2. Nf3 Nc6 3. Bc4 Bc5 4. O-O Nf6 5. Nc3 O-O 6. d3 h6 7. a3 d6 8. h3 Nd4 9. Bd2 Be6 10. Bxe6 Nxe6 11. Re1 c6 12. Be3 Nd7 13. Bxc5 Ndxc5 14. d4 Nd7 15. d5 cxd5 16. Nxd5 Nb6 17. b3 Rc8 18. c4 Nxd5 19. exd5 Nc5 20. Nd2 Qh4 21. Qf3 Qg5 22. Qc3 b6 23. Qc2 Rfe8 24. Ne4 Nxe4 25. Rxe4 Qf5 26. Rae1 Rc5 27. Qd3 Rc7 28. Qg3 Rec8 29. f4 f6 30. fxe5 fxe5 31. R4e2 Rf7 32. Rf2 Qxf2+ 33. Qxf2 Rxf2 34. Kxf2 Rf8+ 35. Ke3 Kh7 36. Rc1 Kg6 37. g3 Rc8 38. g4 a5 39. Rf1 1/2-1/2

[Event "Abe Yanofsky mem U1800"]
[Site "Winnipeg CAN"]
[Date "2008.08.31"]
[Round "4"]
[White "Araullo, Katrina"]
[Black "Campbell, Gary"]
[Result "0-1"]
[WhiteElo "1084"]
[BlackElo "1659"]
[PlyCount "86"]
[GameId "2160767910328324"]
[EventDate "2008.08.29"]
[EventType "swiss"]
[EventRounds "5"]
[EventCountry "CAN"]
[SourceTitle "EXT 2019"]
[Source "ChessBase"]
[SourceDate "2018.10.10"]
[SourceVersion "1"]
[SourceVersionDate "2018.10.10"]
[SourceQuality "1"]

1. e4 c5 2. Nc3 Nf6 3. Nf3 Nc6 4. Bb5 a6 5. Bc4 b5 6. Bd5 Nxd5 7. exd5 Nd4 8. Nxd4 cxd4 9. Ne4 d6 10. O-O g6 11. d3 Bg7 12. Bg5 Bb7 13. c4 dxc3 14. Nxc3 b4 15. Ne4 Bxd5 16. Qd2 a5 17. Rfe1 O-O 18. Ng3 f6 19. Bh6 e5 20. Bxg7 Kxg7 21. Ne4 Rc8 22. h3 Bb7 23. a3 d5 24. Ng3 b3 25. Qd1 a4 26. d4 e4 27. Ne2 Rc2 28. Rb1 Qd6 29. Ng3 Ba6 30. Re3 Bd3 31. f3 Qxg3 32. Qxc2 bxc2 33. Rc1 Qf4 34. Ree1 exf3 35. gxf3 Qg3+ 36. Kh1 Qxf3+ 37. Kh2 Qf2+ 38. Kh1 Be4+ 39. Rxe4 dxe4 40. Ra1 Rc8 41. Rc1 Qd2 42. Ra1 c1=Q+ 43. Rxc1 Rxc1# 0-1

[Event "Abe Yanofsky mem U1800"]
[Site "Winnipeg CAN"]
[Date "2008.08.31"]
[Round "4"]
[White "Araullo, Marlon"]
[Black "Raihman, Daniel"]
[Result "1-0"]
[WhiteElo "1505"]
[BlackElo "1742"]
[PlyCount "76"]
[GameId "2160767910328325"]
[EventDate "2008.08.29"]
[EventType "swiss"]
[EventRounds "5"]
[EventCountry "CAN"]
[SourceTitle "EXT 2019"]
[Source "ChessBase"]
[SourceDate "2018.10.10"]
[SourceVersion "1"]
[SourceVersionDate "2018.10.10"]
[SourceQuality "1"]

1. e4 c5 2. Nf3 Nc6 3. d4 cxd4 4. Nxd4 Nf6 5. Nc3 e5 6. Nxc6 bxc6 7. Bc4 Be7 8. O-O O-O 9. Re1 Qc7 10. Bg5 h6 11. Bh4 Rd8 12. Bg3 d6 13. h3 Bb7 14. Bb3 Nd7 15. Qf3 Bf6 16. Rad1 Nc5 17. Bc4 Rd7 18. a3 Ne6 19. Qf5 Nd4 20. Qg4 Nxc2 21. Re2 Nd4 22. Red2 Rad8 23. f4 Re7 24. fxe5 dxe5 25. Rxd4 Qb6 26. Na4 Qxd4+ 27. Rxd4 Rxd4 28. Qe2 Red7 29. Be1 Rd1 30. Nc3 R1d4 31. Ba6 Ba8 32. Qc2 c5 33. Bf2 Rd2 34. Qb3 Kh7 35. Bc4 Rb7 36. Nb5 a6 37. Qa4 Rbd7 38. Nc3 Rxb2 1-0

[Event "Abe Yanofsky mem U1800"]
[Site "Winnipeg CAN"]
[Date "2008.08.31"]
[Round "4"]
[White "Einarsson, Ken"]
[Black "Trinidad, Kris"]
[Result "1-0"]
[WhiteElo "1669"]
[BlackElo "1493"]
[PlyCount "79"]
[GameId "2160767910328327"]
[EventDate "2008.08.29"]
[EventType "swiss"]
[EventRounds "5"]
[EventCountry "CAN"]
[SourceTitle "EXT 2019"]
[Source "ChessBase"]
[SourceDate "2018.10.10"]
[SourceVersion "1"]
[SourceVersionDate "2018.10.10"]
[SourceQuality "1"]

1. d4 Nf6 2. c4 g6 3. Nc3 Bg7 4. e4 d6 5. Nf3 O-O 6. Be2 c5 7. d5 Bg4 8. O-O Nbd7 9. h3 Bxf3 10. Bxf3 Ne5 11. Be2 Qb6 12. f4 Ned7 13. Qc2 a6 14. f5 Ne5 15. Kh1 Rac8 16. Bd2 Nfd7 17. Rae1 Rfe8 18. b3 e6 19. fxe6 fxe6 20. Rf2 Re7 21. Ref1 Rce8 22. Bg5 Rf7 23. Rxf7 Nxf7 24. dxe6 Nxg5 25. exd7 Rd8 26. Nd5 Qa7 27. Bg4 b5 28. Ne7+ Kh8 29. Nc6 Qc7 30. Nxd8 Qxd8 31. cxb5 h5 32. Be2 axb5 33. Bxb5 Be5 34. b4 Qe7 35. bxc5 dxc5 36. a4 Ne6 37. Qc4 Kg7 38. Qxe6 Qxe6 39. d8=Q Bd6 40. Qd7+ 1-0

[Event "Abe Yanofsky mem U1800"]
[Site "Winnipeg CAN"]
[Date "2008.08.31"]
[Round "4"]
[White "Green, Aaron"]
[Black "Webb, Calvin"]
[Result "1/2-1/2"]
[WhiteElo "1746"]
[BlackElo "1621"]
[PlyCount "121"]
[GameId "2160767910328330"]
[EventDate "2008.08.29"]
[EventType "swiss"]
[EventRounds "5"]
[EventCountry "CAN"]
[SourceTitle "EXT 2019"]
[Source "ChessBase"]
[SourceDate "2018.10.10"]
[SourceVersion "1"]
[SourceVersionDate "2018.10.10"]
[SourceQuality "1"]

1. e4 e6 2. d4 d5 3. Nd2 dxe4 4. Nxe4 Nd7 5. Nf3 Ngf6 6. Bg5 Be7 7. Bxf6 Nxf6 8. Nxf6+ Bxf6 9. c3 O-O 10. Bc4 c6 11. O-O b5 12. Bb3 Bb7 13. Re1 Qc7 14. a4 a5 15. axb5 cxb5 16. Ne5 a4 17. Bc2 Bd5 18. Re3 g6 19. Re1 Qb7 20. f3 Kg7 21. Qd2 Be7 22. Be4 Rfd8 23. Bxd5 Qxd5 24. Ng4 b4 25. Ne3 bxc3 26. bxc3 Bg5 27. Qc2 Qa5 28. Nc4 Qb5 29. Nd2 Qa5 30. Re5 Rd5 31. Nc4 Qa6 32. Rxd5 exd5 33. Ne5 Be7 34. Ng4 a3 35. Ne3 Qa5 36. Qb3 Rd8 37. Kf2 Bd6 38. Nxd5 Rb8 39. Nb4 Bxb4 40. cxb4 Rxb4 41. Rxa3 Qb6 42. Qc3 Qxd4+ 43. Qxd4+ Rxd4 44. Ke3 Rd1 45. h3 h5 46. Ke2 Rd5 47. Ra4 Re5+ 48. Kf2 Rc5 49. Kg3 Rc2 50. h4 Rd2 51. Ra3 Rc2 52. Kh3 Rc1 53. g3 Rh1+ 54. Kg2 Rc1 55. Ra2 Rd1 56. Rf2 Rc1 57. g4 hxg4 58. fxg4 Rc3 59. Rf3 Rc2+ 60. Kg3 Rc1 61. g5 1/2-1/2

[Event "Abe Yanofsky mem U1800"]
[Site "Winnipeg CAN"]
[Date "2008.08.31"]
[Round "4"]
[White "Ott, Richard"]
[Black "Martens, Peter"]
[Result "1-0"]
[WhiteElo "1398"]
[BlackElo "1213"]
[PlyCount "53"]
[GameId "2160767910328331"]
[EventDate "2008.08.29"]
[EventType "swiss"]
[EventRounds "5"]
[EventCountry "CAN"]
[SourceTitle "EXT 2019"]
[Source "ChessBase"]
[SourceDate "2018.10.10"]
[SourceVersion "1"]
[SourceVersionDate "2018.10.10"]
[SourceQuality "1"]

1. d4 d5 2. c4 c6 3. Nc3 Nf6 4. Qc2 h6 5. e3 a6 6. cxd5 cxd5 7. g3 e6 8. Bg2 Bb4 9. Nge2 O-O 10. O-O Qc7 11. Bd2 Nbd7 12. Rac1 Nb6 13. Qd3 Qc4 14. Qb1 Bxc3 15. Nxc3 Bd7 16. Nxd5 Qxf1+ 17. Rxf1 Nbxd5 18. e4 Nb6 19. e5 Nfd5 20. b3 Rac8 21. Qe4 Bc6 22. Qg4 g5 23. Bxg5 hxg5 24. Qxg5+ Kh7 25. Be4+ Kh8 26. Qh6+ Kg8 27. Qh7# 1-0

[Event "Abe Yanofsky mem U1800"]
[Site "Winnipeg CAN"]
[Date "2008.08.31"]
[Round "4"]
[White "Pang, Michael"]
[Black "Wood, Nathaniel"]
[Result "1-0"]
[WhiteElo "1417"]
[BlackElo "1586"]
[PlyCount "127"]
[GameId "2160767910328332"]
[EventDate "2008.08.29"]
[EventType "swiss"]
[EventRounds "5"]
[EventCountry "CAN"]
[SourceTitle "EXT 2019"]
[Source "ChessBase"]
[SourceDate "2018.10.10"]
[SourceVersion "1"]
[SourceVersionDate "2018.10.10"]
[SourceQuality "1"]

1. e4 e5 2. Nf3 Nf6 3. Nc3 Nc6 4. d4 exd4 5. Nxd4 Bb4 6. Nxc6 dxc6 7. Qxd8+ Kxd8 8. Bg5 h6 9. O-O-O+ Ke7 10. Bh4 g5 11. Bg3 Be6 12. Be5 Rhd8 13. Bxc7 Rxd1+ 14. Nxd1 Nxe4 15. a3 Bc5 16. f3 Nd6 17. Bd3 Rc8 18. Bxd6+ Bxd6 19. Nc3 f5 20. Re1 Kf6 21. h3 Bf4+ 22. Kb1 Re8 23. Ka1 Bd2 24. Re2 Bxc3 25. bxc3 Bf7 26. Rd2 b5 27. g4 fxg4 28. hxg4 Re3 29. Be4 Rxc3 30. Kb2 Rc5 31. Rd6+ Ke5 32. Rxh6 Bd5 33. Rg6 Bxe4 34. Rxg5+ Kd6 35. Rxc5 Kxc5 36. fxe4 Kd4 37. Kb3 Kxe4 38. Kb4 Kf4 39. Kc5 a5 40. Kxc6 b4 41. axb4 a4 42. b5 a3 43. b6 a2 44. b7 a1=Q 45. b8=Q+ Kxg4 46. Qb4+ Kf3 47. Qb3+ Ke2 48. Qd3+ Ke1 49. Qe3+ Kf1 50. Qf3+ Kg1 51. Qe3+ Kf1 52. Qd3+ Kg1 53. Kd5 Qa8+ 54. Kd4 Qd8+ 55. Kc3 Qa5+ 56. Kd4 Qd8+ 57. Ke3 Qg5+ 58. Ke2 Qg4+ 59. Qf3 Qc4+ 60. Kd1 Qd4+ 61. Qd3 Qa1+ 62. Ke2 Qf1+ 63. Kd2 Qf4+ 64. Qe3+ 1-0

[Event "Abe Yanofsky mem U1800"]
[Site "Winnipeg CAN"]
[Date "2008.08.31"]
[Round "4"]
[White "Tait, Bruce"]
[Black "Magnusson, Saul"]
[Result "1-0"]
[WhiteElo "1263"]
[BlackElo "1447"]
[PlyCount "31"]
[GameId "2160767910328333"]
[EventDate "2008.08.29"]
[EventType "swiss"]
[EventRounds "5"]
[EventCountry "CAN"]
[SourceTitle "EXT 2019"]
[Source "ChessBase"]
[SourceDate "2018.10.10"]
[SourceVersion "1"]
[SourceVersionDate "2018.10.10"]
[SourceQuality "1"]

1. Nf3 g6 2. c4 Bg7 3. g3 Nf6 4. Bg2 d6 5. d4 O-O 6. Nc3 Nbd7 7. O-O Qe8 8. Bd2 Nb6 9. Qb3 e5 10. Nb5 Qe7 11. dxe5 dxe5 12. Rfd1 Be6 13. Nxe5 Qc5 14. Rac1 Qxe5 15. Bf4 Qxb5 16. Qxb5 1-0

[Event "Abe Yanofsky mem U1800"]
[Site "Winnipeg CAN"]
[Date "2008.08.31"]
[Round "4"]
[White "Wasserman, Arie"]
[Black "Letain, Cory"]
[Result "1-0"]
[WhiteElo "1663"]
[BlackElo "1500"]
[PlyCount "109"]
[GameId "2160767910328334"]
[EventDate "2008.08.29"]
[EventType "swiss"]
[EventRounds "5"]
[EventCountry "CAN"]
[SourceTitle "EXT 2019"]
[Source "ChessBase"]
[SourceDate "2018.10.10"]
[SourceVersion "1"]
[SourceVersionDate "2018.10.10"]
[SourceQuality "1"]

1. e4 e5 2. Nf3 Nf6 3. Nc3 Nc6 4. Bc4 Bb4 5. a3 Bxc3 6. dxc3 O-O 7. Bg5 d6 8. h3 b6 9. Bd5 Bb7 10. Nh2 h6 11. Bh4 g5 12. Bg3 Nxd5 13. exd5 Ne7 14. Ng4 Kg7 15. c4 f5 16. h4 Nxd5 17. cxd5 fxg4 18. Qxg4 Bxd5 19. hxg5 Qxg5 20. Qxg5+ hxg5 21. f3 Rh8 22. O-O-O Rxh1 23. Rxh1 Rh8 24. Rd1 Bb7 25. b4 g4 26. Rg1 Kf6 27. f4 e4 28. Kd2 Kf5 29. Ke3 c5 30. c3 cxb4 31. axb4 Rc8 32. Be1 a5 33. bxa5 bxa5 34. Rh1 a4 35. Rh5+ Kf6 36. Rh6+ Kg7 37. Rxd6 Kf8 38. Rd7 Bc6 39. Ra7 Ra8 40. Rxa8+ Bxa8 41. c4 a3 42. Bc3 a2 43. g3 Kf7 44. Kd2 Ke6 45. Kc1 Kd6 46. Bb4+ Kc6 47. Kb2 Bb7 48. Kxa2 Ba6 49. Kb3 e3 50. f5 Bc8 51. f6 Be6 52. Kc3 Kd7 53. c5 Kc6 54. Kd3 Kb5 55. Ba3 1-0

[Event "Abe Yanofsky mem U1800"]
[Site "Winnipeg CAN"]
[Date "2008.08.31"]
[Round "4"]
[White "Wasserman, Leor"]
[Black "Knight, Eugene"]
[Result "1-0"]
[WhiteElo "1486"]
[BlackElo "1539"]
[PlyCount "113"]
[GameId "2160767910328335"]
[EventDate "2008.08.29"]
[EventType "swiss"]
[EventRounds "5"]
[EventCountry "CAN"]
[SourceTitle "EXT 2019"]
[Source "ChessBase"]
[SourceDate "2018.10.10"]
[SourceVersion "1"]
[SourceVersionDate "2018.10.10"]
[SourceQuality "1"]

1. e4 c5 2. Nf3 e6 3. d4 cxd4 4. Nxd4 a6 5. Nc3 Qc7 6. Be2 Nc6 7. Be3 Ne5 8. O-O Nf6 9. f3 Bb4 10. Kh1 Bxc3 11. bxc3 Qxc3 12. Bf2 h5 13. Nb3 g5 14. Bd4 Qc7 15. Qc1 Rg8 16. Qb2 d6 17. f4 gxf4 18. Rxf4 Nfg4 19. h3 Ng6 20. Rff1 e5 21. hxg4 exd4 22. gxh5 Ne5 23. Nxd4 Bg4 24. Bxg4 Nxg4 25. Nf5 d5 26. e5 Nxe5 27. Rae1 f6 28. Qb4 Rg5 29. Nd6+ Kd7 30. Rxf6 Qxc2 31. Qxb7+ Qc7 32. Rc1 Qxb7 33. Nxb7 Rxh5+ 34. Kg1 Nc4 35. Nc5+ Ke7 36. Re6+ Kf7 37. Rf1+ Kg7 38. Nxa6 d4 39. Nc7 Rxa2 40. Ne8+ Kh8 41. Rf8+ Kh7 42. Re7+ Kh6 43. Rg7 Ra1+ 44. Kf2 Ra2+ 45. Kf3 Ra3+ 46. Kg4 Ne5+ 47. Kf4 Ng6+ 48. Rxg6+ Kxg6 49. Rf6+ Kh7 50. Rf7+ Kg8 51. Rd7 Kf8 52. Nf6 Rh4+ 53. g4 d3 54. Kg5 Rh8 55. Kg6 Rg8+ 56. Nxg8 Kxg8 57. Rd8# 1-0

[Event "Abe Yanofsky mem U1800"]
[Site "Winnipeg CAN"]
[Date "2008.08.31"]
[Round "4"]
[White "Wiebe, Isaac"]
[Black "Green, Leah"]
[Result "1-0"]
[WhiteElo "1373"]
[BlackElo "1183"]
[PlyCount "47"]
[GameId "2160767910328336"]
[EventDate "2008.08.29"]
[EventType "swiss"]
[EventRounds "5"]
[EventCountry "CAN"]
[SourceTitle "EXT 2019"]
[Source "ChessBase"]
[SourceDate "2018.10.10"]
[SourceVersion "1"]
[SourceVersionDate "2018.10.10"]
[SourceQuality "1"]

1. d4 d5 2. c4 Nf6 3. cxd5 Nxd5 4. e4 Nf6 5. Nc3 Nc6 6. Nf3 Bg4 7. Bb5 a6 8. Bxc6+ bxc6 9. Be3 e6 10. h3 Bxf3 11. Qxf3 Be7 12. O-O Rb8 13. b3 Bb4 14. Rac1 Qd7 15. Rfd1 Rd8 16. Na4 Ba3 17. Nc5 Bxc5 18. Rxc5 Rb8 19. Rdc1 Rb6 20. Rg5 Qe7 21. d5 Rb8 22. Bc5 Qd8 23. dxe6 fxe6 24. Rxg7 1-0

[Event "Abe Yanofsky mem U1800"]
[Site "Winnipeg CAN"]
[Date "2008.08.31"]
[Round "5"]
[White "Araullo, Marlon"]
[Black "Green, Aaron"]
[Result "0-1"]
[WhiteElo "1505"]
[BlackElo "1746"]
[PlyCount "206"]
[GameId "2160767910328337"]
[EventDate "2008.08.29"]
[EventType "swiss"]
[EventRounds "5"]
[EventCountry "CAN"]
[SourceTitle "EXT 2019"]
[Source "ChessBase"]
[SourceDate "2018.10.10"]
[SourceVersion "1"]
[SourceVersionDate "2018.10.10"]
[SourceQuality "1"]

1. Nf3 Nf6 2. Nc3 g6 3. e4 d6 4. Bc4 Bg7 5. O-O O-O 6. Re1 e5 7. d3 Nc6 8. a3 Nh5 9. Nd5 Bg4 10. h3 Bxf3 11. Qxf3 Nd4 12. Qd1 h6 13. Be3 c6 14. Nc3 b5 15. Ba2 Nf6 16. Ne2 Nxe2+ 17. Qxe2 Nd7 18. Qg4 Kh8 19. Rab1 Nf6 20. Qh4 Kh7 21. f4 exf4 22. Bxf4 Ne8 23. Qg3 g5 24. Be3 Be5 25. Qf3 Qf6 26. Qxf6 Bxf6 27. Rf1 Kg6 28. g4 Ng7 29. c3 a5 30. Bb3 a4 31. Bc2 Ne6 32. d4 Kg7 33. Rf3 c5 34. d5 Nc7 35. Rbf1 Be5 36. Rf5 f6 37. Kg2 Na6 38. Bd2 Nb8 39. Bd3 c4 40. Bc2 Nd7 41. Be3 Rf7 42. R5f2 Rb8 43. Rb1 Nf8 44. Rf3 Ng6 45. Bf2 Rh8 46. Rh1 h5 47. gxh5 Rxh5 48. Bg3 Rf8 49. Rff1 Bxg3 50. Kxg3 Rfh8 51. Bd1 Rh4 52. Bg4 Ne5 53. Bf5 Kf7 54. Rh2 Ke7 55. Rff2 Nd3 56. Rf1 Nf4 57. Rfh1 Nh5+ 58. Kg2 Ng7 59. Bg4 Ne8 60. Rf1 R8h6 61. Kg3 Nc7 62. Re1 Na6 63. Ree2 Nc5 64. Re3 Rh8 65. Re1 Kf7 66. Re3 Kg7 67. Re1 Re8 68. Rhe2 Re5 69. Kf3 Rh8 70. Re3 Nd3 71. R1e2 Nf4 72. Rh2 Ng6 73. Kg3 Nh4 74. Re1 f5 75. Bf3 Nxf3 76. Kxf3 g4+ 77. Kf4 Rxh3 78. Reh1 Rxh2 79. Rxh2 fxe4 80. Kxg4 Rxd5 81. Kf4 Re5 82. Re2 Kf6 83. Rxe4 Rxe4+ 84. Kxe4 Ke7 85. Kf5 Kd7 86. Ke4 Kc6 87. Kd4 d5 88. Ke3 Kc5 89. Ke2 d4 90. cxd4+ Kxd4 91. Kd2 Kd5 92. Kc2 Kc5 93. Kc3 b4+ 94. axb4+ Kb5 95. Kd2 Kxb4 96. Kc2 Kb5 97. Kd2 Kc5 98. Kc3 Kb5 99. Kd2 Ka5 100. Kc3 Kb5 101. Kc2 Kc5 102. Kc3 Kb5 103. Kd2 Kc5 0-1